| 000 | 00522cam a22002171 4500 | ||
|---|---|---|---|
| 001 | 8432437 | ||
| 005 | 20180216075841.0 | ||
| 008 | 730109s1961 dcu 000 0 eng | ||
| 010 | _a 61011687 | ||
| 035 | _a(OCoLC)532033 | ||
| 040 |
_aDLC _cOAU _dDLC |
||
| 041 | _aeng | ||
| 080 | _a364.17 | ||
| 082 | _a364.17 KEI | ||
| 100 | 2 | _a19 | |
| 101 | _aSHP | ||
| 245 | 1 | 4 | _aThe high price of pornography. |
| 504 | _aIncludes bibliography. | ||
| 906 |
_a7 _bcbc _coclcrpl _du _encip _f19 _gy-gencatlg |
||
| 942 |
_2ddc _cBK |
||
| 999 |
_c42821 _d42821 |
||